000 01019nam a2200265 i 4500
001
003 OSt
005 20230926123324.0
007 ta
008 110610s1955 dr r 000 0 spa d
040 _aDO-SdBNP
_bspa
_cBNPHU
_erda
082 4 _a373.27
_bR426p 1955
_222
110 2 _aRepública Dominicana.
_bMinisterio de Educación, Bellas Artes y Cultos
_957024
245 1 0 _aProgramas de la educación secundaria :
_b4to curso, ciencias físicas y naturales
264 _aCiudad Trujillo, República Dominicana :
_bMinisterio de Educación, Bellas Artes y Cultos,
_c1955.
300 _a41 páginas ;
_c22 cm.
336 _2rdacontent
_atexto
_btxt
337 _2rdamedia
_asin mediación
_bn
338 _2rdacarrier
_avolumen
_bnc
590 _aInventariado, 2020/VM
650 _aEducacion secundaria
_xProgramas
_zRepública Dominicana
_977270
650 _aActividades estudiantiles
_xProgramas
_zRepública Dominicana
_977271
910 _aVMateo. Validado. Control de calidad MFF
942 _2ddc
_cLBS1
999 _c49140
_d49140